| 000 | 01283nam a22003017a 4500 | ||
|---|---|---|---|
| 008 | 130821s2008 ck a gr spa | ||
| 020 | _a9789589880500 | ||
| 040 |
_aCo-BoUCM _bspa |
||
| 041 | 0 | 0 | _aspa |
| 100 | 1 |
_aRozo Flórez, Pedro Miguel _9126033 |
|
| 245 | 1 | 0 |
_aTeatro en estudio selección de dramaturgia Bogotana _cPedro Miguel Rozo Flórez, Natasha Díaz, Camilo Ramírez Triana. |
| 260 |
_aBogotá (Colombia) _bAlcaldía Mayor de Bogotá _c2008 |
||
| 300 |
_a272 páginas _bilustraciones |
||
| 490 | 0 | _aColección Teatro en Estudio | |
| 500 | _aConcurso Distrital de Dramaturgía 2008 | ||
| 504 | _aIncluye bibliografía e índice general. | ||
| 650 | 0 | 4 |
_aArte _99444 |
| 650 | 0 | 4 |
_aDramaturgia _zColombia _vColecciones de escritos _913583 |
| 650 | 0 | 4 |
_aLiteratura colombiana _918629 |
| 650 | 0 | 4 |
_aLiteratura colombiana _vColecciones de escritos _9102793 |
| 650 | 0 | 4 |
_aTeatro colombiano _vColecciones de escritos _925057 |
| 700 | 1 |
_aDíaz, Natasha _9172030 |
|
| 700 | 1 |
_aRamírez Triana, Camilo _9172031 |
|
| 710 | 1 |
_aBogotá (Colombia). _bAlcaldía Mayor. _bSecretaría de Cultura, Recreación y Deporte _9167377 |
|
| 710 | 2 |
_aOrquesta Filarmónica de Bogotá _9172032 |
|
| 942 |
_cLIBRO _a18 _e1 _kC _mR893t _2DEWEY _h862.08 |
||
| 999 |
_c92827 _d92827 |
||